[Event "World Junior Championship"]
[Site "Yerevan ARM"]
[Date "2006.10.08"]
[EventDate "2006.10.03"]
[Round "6"]
[Result "0-1"]
[White "Wang Hao"]
[Black "Yuriy Kryvoruchko"]
[WhiteElo "2622"]
[BlackElo "2581"]
[PlyCount "116"]

1. e4 c5 2. Nf3 Nc6 3. Bb5 e6 4. O-O Nge7 5. c3 a6 6. Ba4 b5
7. Bc2 Bb7 8. Qe2 Ng6 9. d4 cxd4 10. cxd4 Be7 11. Nc3 Rc8
12. Rd1 Qc7 13. a3 O-O 14. h4 Bxh4 15. Nxh4 Nxh4 16. Qh5 Ng6
17. Be3 Na5 18. e5 d6 19. Bg5 dxe5 20. Rd3 f5 21. Rh3 Kf7
22. d5 e4 23. dxe6+ Kxe6 24. Rd1 Nc4 25. a4 Nf4 26. Bxf4 Qxf4
27. Qxh7 Qg4 28. Rh6+ Rf6 29. Rxf6+ Kxf6 30. Rd7 Bc6 31. Rd4
Qg5 32. Qh2 e3 33. f4 Qh6 34. Qxh6+ gxh6 35. b3 Nd2 36. Rd6+
Ke7 37. Rd3 b4 38. Rxe3+ Kf6 39. Na2 a5 40. Rd3 Be4 41. Rd6+
Ke7 42. Rxd2 Bxc2 43. Nc1 h5 44. g3 Be4 45. Ne2 Rh8 46. Nd4 h4
47. g4 fxg4 48. Re2 Kd6 49. Nb5+ Kd5 50. Nc7+ Kd4 51. Ne6+ Kd3
52. Re1 Bf3 53. Ng5 Ba8 54. Nf7 Rf8 55. Re7 g3 56. Ne5+ Kc2
57. Ng6 h3 58. Re2+ Kd3 0-1

[Event "World Junior Championship"]
[Site "Yerevan ARM"]
[Date "2006.10.09"]
[EventDate "2006.10.03"]
[Round "7"]
[Result "1-0"]
[White "Li Chao"]
[Black "Wang Hao"]
[WhiteElo "2508"]
[BlackElo "2622"]
[PlyCount "109"]

1. e4 c6 2. c4 d5 3. exd5 Nf6 4. Nc3 cxd5 5. cxd5 Nxd5 6. Nf3
Nc6 7. d4 e6 8. Bd3 Be7 9. O-O O-O 10. Re1 Bf6 11. Be4 Nce7
12. Qd3 h6 13. Bd2 Bd7 14. Ne5 Nxc3 15. Qxc3 Bc6 16. Bxc6 Bxe5
17. dxe5 Nxc6 18. Rad1 Qc7 19. b4 a6 20. a4 Rfc8 21. Qg3 Ne7
22. Qg4 Nf5 23. Qe4 Rd8 24. Bf4 Qc3 25. h3 g5 26. Be3 Rd5
27. Bc5 Rad8 28. Rc1 Qb3 29. Bb6 R8d7 30. a5 Kg7 31. f4 Qg3
32. fxg5 Qxg5 33. Bf2 h5 34. Rc3 Rd2 35. Rf1 Rb2 36. Rc4 Rdd2
37. Qf3 Rd7 38. Kh1 Rbd2 39. Rc3 Qg6 40. Rg1 Kh7 41. g4 hxg4
42. Rxg4 Rd1+ 43. Kh2 Qh6 44. Rg2 R1d2 45. Qe4 Kh8 46. Rf3 Qh5
47. h4 Rc7 48. Rd3 Qe2 49. Rd8+ Kh7 50. Rg7+ Kxg7 51. Qg2+ Kh7
52. Qg8+ Kh6 53. Qh8+ Kg6 54. Qf6+ Kh5 55. Qg5# 1-0

[Event "World Junior Championship"]
[Site "Yerevan ARM"]
[Date "2006.10.11"]
[EventDate "2006.10.03"]
[Round "8"]
[Result "1-0"]
[White "Wang Hao"]
[Black "Avetik Grigoryan"]
[WhiteElo "2622"]
[BlackElo "2404"]
[PlyCount "129"]

1. e4 e6 2. d4 d5 3. Nc3 Nf6 4. e5 Nfd7 5. f4 c5 6. Nf3 Qb6
7. Be3 a6 8. a3 Nc6 9. dxc5 Bxc5 10. Na4 Qa5+ 11. b4 Qxa4
12. bxc5 O-O 13. c4 Qa5+ 14. Qd2 Rd8 15. Qxa5 Nxa5 16. Nd2 Nf8
17. Rb1 Bd7 18. c6 Nxc6 19. Rxb7 Na5 20. Rb4 Nxc4 21. Bxc4
dxc4 22. Nxc4 Rab8 23. Kf2 Rdc8 24. Rxb8 Rxb8 25. Nb6 Be8
26. Rc1 h5 27. Rc7 Bb5 28. a4 Bd3 29. Bc5 Ng6 30. Ke3 Bf1
31. g3 Rd8 32. Bd6 Rb8 33. a5 Rd8 34. Kd4 Nh8 35. Nc4 Kh7
36. Rc6 Ra8 37. Kc5 h4 38. Kb6 Kh6 39. Ne3 Bd3 40. Rc3 Bb5
41. Kb7 Rd8 42. Rc7 hxg3 43. hxg3 Re8 44. Nc2 Kh5 45. Nd4 Bd3
46. Rc3 Bf1 47. Nb3 g5 48. fxg5 Kxg5 49. Nc5 Ng6 50. Nxa6 Bg2+
51. Kb6 f6 52. Nc7 Rb8+ 53. Ka6 Rg8 54. Nxe6+ Kf5 55. Nf4 Bf1+
56. Kb7 fxe5 57. Nxg6 Bg2+ 58. Kc7 Rxg6 59. Re3 Re6 60. a6 Re8
61. a7 Bd5 62. Kd7 Re6 63. g4+ Kf6 64. Ra3 Ba8 65. Rh3 1-0

[Event "World Junior Championship"]
[Site "Yerevan ARM"]
[Date "2006.10.12"]
[EventDate "2006.10.03"]
[Round "9"]
[Result "0-1"]
[White "David Howell"]
[Black "Wang Hao"]
[WhiteElo "2471"]
[BlackElo "2622"]
[PlyCount "66"]

1. e4 e6 2. d4 d5 3. Nd2 Nf6 4. e5 Nfd7 5. f4 c5 6. c3 Nc6
7. Ndf3 cxd4 8. cxd4 f5 9. Bd3 Be7 10. Ne2 Nb6 11. Rg1 a5
12. g4 O-O 13. a3 Bd7 14. Nc3 a4 15. Qe2 Na5 16. Be3 Rc8
17. Kf2 Be8 18. Qc2 Bg6 19. Rg3 Nbc4 20. Rag1 Bh4 21. Nxh4
Qxh4 22. gxf5 Bxf5 23. Bxf5 Rxf5 24. Nxd5 Rcf8 25. Ke2 Qh5+
26. Ke1 exd5 27. Rxg7+ Kh8 28. Qg2 Qd1+ 29. Kf2 Qc2+ 30. Kf3
Rxf4+ 31. Bxf4 Qe4+ 32. Kg4 Rxf4+ 33. Kh5 Rh4+ 0-1

[Event "World Junior Championship"]
[Site "Yerevan ARM"]
[Date "2006.10.15"]
[EventDate "2006.10.03"]
[Round "12"]
[Result "1-0"]
[White "Wang Hao"]
[Black "Dmitry Andreikin"]
[WhiteElo "2622"]
[BlackElo "2507"]
[PlyCount "97"]

1. e4 c5 2. Nf3 Nc6 3. Nc3 e5 4. Bc4 d6 5. d3 Be7 6. O-O h6
7. Ne1 g5 8. Nd5 Nf6 9. c3 Nxd5 10. Bxd5 Be6 11. Nc2 Qd7
12. Ne3 Bf6 13. a3 Ne7 14. c4 a5 15. Bd2 Bxd5 16. cxd5 b5
17. a4 b4 18. Nc4 Qc7 19. g3 Ng6 20. Qg4 h5 21. Qf5 Qe7
22. Nb6 Rb8 23. Nc8 Qd8 24. Na7 Rh6 25. Bxg5 Bxg5 26. Nc6 Qf6
27. Qxf6 Bxf6 28. Nxb8 Ne7 29. Rac1 Rh8 30. Rc4 Bg5 31. f4 Bf6
32. b3 h4 33. d4 exd4 34. e5 hxg3 35. hxg3 Nxd5 36. exf6 Ne3
37. Re1 Kd8 38. Nc6+ Kd7 39. Nxd4 Nxc4 40. Re7+ Kc8 41. Nb5
Nd2 42. Nxd6+ Kb8 43. Nxf7 Rf8 44. Ne5 c4 45. Nd7+ Kc8
46. Nxf8 cxb3 47. Kg2 b2 48. Re1 Kd8 49. f7 1-0

[Event "Aeroflot Open"]
[Site "Moscow RUS"]
[Date "2007.02.14"]
[EventDate "2007.02.14"]
[Round "1"]
[Result "1/2-1/2"]
[White "Wang Hao"]
[Black "Zhou Jianchao"]
[WhiteElo "2619"]
[BlackElo "2551"]
[PlyCount "61"]

1. e4 c5 2. Nf3 d6 3. d4 cxd4 4. Nxd4 Nf6 5. Nc3 a6 6. a4 g6
7. Be2 Bg7 8. O-O O-O 9. Be3 Nc6 10. Qd2 Bd7 11. Rfd1 Ng4
12. Bxg4 Bxg4 13. f3 Bd7 14. Nd5 Rc8 15. Rac1 Ne5 16. b3 e6
17. Nf4 b5 18. axb5 axb5 19. Nd3 Nxd3 20. Qxd3 Qa5 21. c3 d5
22. exd5 exd5 23. b4 Qa2 24. Nxb5 Bxb5 25. Qxb5 Rxc3 26. Rxc3
Bxc3 27. Bc5 Ra8 28. Qc6 d4 29. Qe4 Qa4 30. Rf1 Re8 31. Qd3
1/2-1/2

[Event "Aeroflot Open"]
[Site "Moscow RUS"]
[Date "2007.02.15"]
[EventDate "2007.02.14"]
[Round "2"]
[Result "0-1"]
[White "Parimarjan Negi"]
[Black "Wang Hao"]
[WhiteElo "2538"]
[BlackElo "2619"]
[PlyCount "145"]

1. e4 e6 2. d4 d5 3. Nc3 Nf6 4. Bg5 dxe4 5. Nxe4 Be7 6. Bxf6
gxf6 7. Nf3 f5 8. Nc3 a6 9. g3 b5 10. Bg2 Bb7 11. O-O O-O
12. Ne5 Bxg2 13. Kxg2 b4 14. Ne2 Bf6 15. Nf4 Bxe5 16. dxe5
Qxd1 17. Rfxd1 Nc6 18. Nd3 Rfd8 19. f4 Rd5 20. Nf2 Rad8
21. Rxd5 Rxd5 22. Rd1 Rc5 23. Rd2 Ne7 24. g4 Rc4 25. Rd7 Ng6
26. gxf5 Nxf4+ 27. Kf3 exf5 28. b3 Rxc2 29. Kxf4 Rxf2+ 30. Kg5
Kg7 31. e6 h6+ 32. Kh4 Rxh2+ 33. Kg3 Re2 34. Rxf7+ Kg6
35. Rxc7 Rxe6 36. Rb7 a5 37. Rb5 Ra6 38. Kf4 h5 39. Rb8 h4
40. Rg8+ Kh7 41. Rg2 h3 42. Rh2 Rh6 43. Kxf5 Kg7 44. Kg5 Rh8
45. Kf5 Kf7 46. Kg5 Ke6 47. Kf4 Kd5 48. Rd2+ Kc5 49. Rc2+ Kd4
50. Rh2 Kd3 51. Kf3 Re8 52. Kf4 Re3 53. Rh1 Kd4 54. Rh2 Rd3
55. Rc2 Rd1 56. Rc8 Rf1+ 57. Kg3 h2 58. Kxh2 Rf2+ 59. Kg3 Rxa2
60. Rc4+ Kd5 61. Rh4 Ra3 62. Kf2 Rxb3 63. Rh5+ Kc4 64. Rxa5
Rd3 65. Ke2 Rd8 66. Ra7 b3 67. Rb7 Kc3 68. Rc7+ Kb2 69. Rb7
Kc2 70. Rc7+ Kb1 71. Rb7 b2 72. Ra7 Rd5 73. Ra6 0-1

[Event "Aeroflot Open"]
[Site "Moscow RUS"]
[Date "2007.02.20"]
[EventDate "2007.02.14"]
[Round "7"]
[Result "1/2-1/2"]
[White "Wang Hao"]
[Black "Artur Yusupov"]
[WhiteElo "2619"]
[BlackElo "2599"]
[PlyCount "68"]

1. e4 e5 2. Nf3 Nc6 3. Bb5 g6 4. O-O Bg7 5. c3 a6 6. Ba4 d6
7. d4 Bd7 8. d5 Nce7 9. Bxd7+ Qxd7 10. Qb3 b6 11. a4 Nf6
12. Re1 O-O 13. c4 a5 14. Nc3 Rfc8 15. Bg5 Qd8 16. Bxf6 Bxf6
17. Qb5 Bg7 18. Re2 h5 19. Rd1 Bh6 20. g3 Kg7 21. Ne1 Ng8
22. Nd3 h4 23. Rf1 Nf6 24. Qc6 Qe7 25. Nb5 Nh5 26. Kg2 Rab8
27. b3 Ra8 28. Rfe1 Rab8 29. Rf1 Ra8 30. Rd1 Rab8 31. Rde1 Ra8
32. Rf1 Rab8 33. Rd1 Ra8 34. Rf1 Rab8 1/2-1/2

[Event "Aeroflot Open"]
[Site "Moscow RUS"]
[Date "2007.02.21"]
[EventDate "2007.02.14"]
[Round "8"]
[Result "0-1"]
[White "Viorel Iordachescu"]
[Black "Wang Hao"]
[WhiteElo "2563"]
[BlackElo "2619"]
[PlyCount "72"]

1. e4 c5 2. Nf3 d6 3. d4 cxd4 4. Nxd4 Nf6 5. Nc3 a6 6. Be3 e5
7. Nb3 Be7 8. Qd2 O-O 9. f3 Be6 10. O-O-O Nbd7 11. g4 b5
12. Nd5 Bxd5 13. exd5 Nb6 14. Na5 Nfxd5 15. Nc6 Qc7 16. Nxe7+
Qxe7 17. Bxb6 Nxb6 18. Qxd6 Qg5+ 19. Qd2 Qf6 20. g5 Qc6
21. Bd3 Qxf3 22. Rhf1 Qg4 23. Bf5 Qh4 24. Qg2 Rad8 25. Rde1 g6
26. Bd3 Nd5 27. Rxe5 Nf4 28. Qf3 Nxd3+ 29. cxd3 Qxh2 30. Re2
Qd6 31. Kd2 Qd4 32. Kc2 Qc5+ 33. Kb1 Qxg5 34. Qh3 Qd5 35. Re3
Rde8 36. Rg3 Re2 0-1

[Event "4th Balagne Open"]
[Site "Calvi FRA"]
[Date "2007.02.28"]
[EventDate "?"]
[Round "5"]
[Result "1-0"]
[White "Wang Yue"]
[Black "Wang Hao"]
[WhiteElo "2644"]
[BlackElo "2619"]
[PlyCount "91"]

1.d4 d5 2.c4 dxc4 3.Nf3 Nf6 4.e3 e6 5.Bxc4 c5 6.Qe2 a6 7.dxc5
Bxc5 8.O-O Nc6 9.a3 b5 10.Bd3 Bb7 11.Rd1 Qb6 12.Nbd2 O-O
13.Nb3 Be7 14.e4 Qc7 15.e5 Nd5 16.Bd2 Rfe8 17.Rac1 Rad8 18.Ba5
Qb8 19.Bxd8 Qxd8 20.Be4 Na5 21.Nxa5 Qxa5 22.Nd4 Qb6 23.Qc2 g6
24.Bxd5 Bxd5 25.Qc7 Bd8 26.Qd7 Rf8 27.Rc8 Bb7 28.Rb8 Bc7
29.Rxf8+ Kxf8 30.Nxe6+ fxe6 31.Qxh7 Qc6 32.Qh8+ Kf7 33.Qf6+
Kg8 34.Qxg6+ Kf8 35.Qh6+ Kf7 36.Qf6+ Ke8 37.Qg5 Qc2 38.Qh5+
Ke7 39.Qh4+ Ke8 40.Qh8+ Ke7 41.Qf6+ Ke8 42.Qxe6+ Kf8 43.Qh6+
Kg8 44.Qg5+ Kf8 45.Re1 Qh7 46.f4 1-0

[Event "Cappelle la Grande"]
[Site "Cappelle la Grande FRA"]
[Date "2007.03.04"]
[EventDate "2007.03.03"]
[Round "2"]
[Result "1/2-1/2"]
[White "Andrey Orlov"]
[Black "Wang Hao"]
[WhiteElo "2447"]
[BlackElo "2619"]
[PlyCount "55"]

1. e4 e6 2. d4 d5 3. Nc3 Nf6 4. Bg5 dxe4 5. Nxe4 Be7 6. Nxf6+
Bxf6 7. Bxf6 Qxf6 8. Nf3 O-O 9. Bd3 c5 10. Qd2 cxd4 11. O-O-O
e5 12. Rde1 Nc6 13. Bb5 Be6 14. Bxc6 bxc6 15. Rxe5 Bxa2
16. Qxd4 Bd5 17. Re3 Qg6 18. Rhe1 Rad8 19. Nh4 Qg5 20. g3 g6
21. f4 Qg4 22. Qf6 c5 23. Re5 Ba8 24. Re7 Bd5 25. R7e5 Ba8
26. Re7 Bd5 27. R7e5 Ba8 28. Re7 1/2-1/2

[Event "Cappelle la Grande"]
[Site "Cappelle la Grande FRA"]
[Date "2007.03.05"]
[EventDate "2007.03.03"]
[Round "4"]
[Result "1-0"]
[White "Wojciech Moranda"]
[Black "Wang Hao"]
[WhiteElo "2468"]
[BlackElo "2619"]
[PlyCount "149"]

1. c4 e5 2. Nc3 Nf6 3. Nf3 Nc6 4. g3 d5 5. cxd5 Nxd5 6. Bg2
Nb6 7. O-O Be7 8. a3 O-O 9. b4 Re8 10. d3 Bf8 11. Bb2 Bg4
12. Ne4 a5 13. Nc5 Rb8 14. Rc1 axb4 15. axb4 Bxc5 16. bxc5 Nd5
17. Re1 Qd7 18. Qa4 Nf6 19. Nd2 Ra8 20. Qb5 Be6 21. Ra1 Rab8
22. Nf3 Bg4 23. Qa4 Qe7 24. Rec1 Bd7 25. Qb3 Be6 26. Qa4 Nd7
27. Qb5 Bg4 28. Ra4 Nf6 29. Ra3 Bd7 30. Qc4 Be6 31. Qa4 Nd7
32. Qb5 Bd5 33. e3 Qf6 34. e4 Be6 35. Nd2 Qh6 36. Rc2 Bh3
37. Nf3 Qh5 38. Ra1 Bxg2 39. Kxg2 Re6 40. h3 Nf8 41. Bc3 Rf6
42. Ng1 Ne6 43. Rca2 h6 44. Ra8 Rxa8 45. Rxa8+ Kh7 46. Ra1 Qg6
47. Ne2 Ng5 48. Ng1 h5 49. Qxb7 Nxe4 50. dxe4 Qxe4+ 51. Kf1
Qe3 52. Qb2 Qxg3 53. Re1 Qd3+ 54. Re2 Rg6 55. Qc2 Qd5 56. Qe4
Qxc5 57. Bxe5 Kg8 58. Bg3 Re6 59. Qd3 Nd4 60. Rxe6 Nxe6
61. Nf3 Qc1+ 62. Kg2 Nf4+ 63. Bxf4 Qxf4 64. Qd4 Qxd4 65. Nxd4
c5 66. Ne2 g6 67. Kf3 Kg7 68. Nc3 g5 69. Ne4 c4 70. Nxg5 c3
71. Ke3 c2 72. Kd2 Kg6 73. Nf3 Kf5 74. Kxc2 Kf4 75. Ng1 1-0

[Event "Cappelle la Grande"]
[Site "Cappelle la Grande FRA"]
[Date "2007.03.07"]
[EventDate "2007.03.03"]
[Round "6"]
[Result "1-0"]
[White "Wang Hao"]
[Black "Tatiana Dornbusch"]
[WhiteElo "2619"]
[BlackElo "2224"]
[PlyCount "47"]

1. e4 e5 2. Nf3 Nc6 3. d4 exd4 4. Nxd4 Bc5 5. Be3 Qf6 6. c3
Nge7 7. g3 d5 8. Bg2 Nxd4 9. cxd4 Bb4+ 10. Nc3 Bxc3+ 11. bxc3
dxe4 12. Bxe4 O-O 13. O-O c6 14. c4 Bf5 15. Bg2 Rfd8 16. Qb3
Rd7 17. d5 Qg6 18. Rfe1 Bc2 19. Qa3 cxd5 20. Bc5 Nf5 21. cxd5
b6 22. Rac1 bxc5 23. Rxc2 Nxg3 24. Qa4 1-0

[Event "Cappelle la Grande"]
[Site "Cappelle la Grande FRA"]
[Date "2007.03.08"]
[EventDate "2007.03.03"]
[Round "7"]
[Result "1/2-1/2"]
[White "Martyn Kravtsiv"]
[Black "Wang Hao"]
[WhiteElo "2464"]
[BlackElo "2619"]
[PlyCount "86"]

1. e4 e6 2. d4 d5 3. Nc3 Nf6 4. e5 Nfd7 5. f4 c5 6. Nf3 Nc6
7. Be3 Be7 8. Qd2 O-O 9. g3 Qa5 10. Ne2 Qxd2+ 11. Nxd2 Nb4
12. Kd1 b6 13. c3 Nd3 14. Kc2 Ba6 15. Nc1 cxd4 16. Bxd4 N3c5
17. Bxa6 Nxa6 18. Nd3 Rfc8 19. a3 Nab8 20. b4 Nc6 21. Kb2 Rab8
22. Be3 f6 23. Nf3 fxe5 24. Nfxe5 Ncxe5 25. fxe5 Rc4 26. Rhe1
g5 27. Kb3 Rbc8 28. Rac1 Nb8 29. Nb2 Re4 30. Bg1 Rxe1 31. Rxe1
Rf8 32. Nd3 Nc6 33. Kc2 Kg7 34. Kd2 Kg6 35. Ke2 Bd8 36. Bd4 h5
37. h3 Bc7 38. Rc1 b5 39. a4 bxa4 40. Ra1 Bb6 41. Bxb6 axb6
42. Rxa4 b5 43. Ra6 Rc8 1/2-1/2

[Event "Taiyuan Tournament"]
[Site "Taiyuan CHN"]
[Date "2007.07.04"]
[EventDate "2007.07.04"]
[Round "1"]
[Result "1-0"]
[White "Vadim Zvjaginsev"]
[Black "Wang Hao"]
[WhiteElo "2658"]
[BlackElo "2624"]
[PlyCount "71"]

1. e4 e5 2. f4 exf4 3. Nf3 d5 4. exd5 Qxd5 5. d4 Nf6 6. Bxf4
Qe4+ 7. Qe2 Qxe2+ 8. Bxe2 Nd5 9. Bd2 Be7 10. O-O c6 11. c4 Nf6
12. Nc3 O-O 13. Bd3 Rd8 14. Rae1 Be6 15. Ne2 Nbd7 16. Nf4 Nf8
17. Bc3 Bd6 18. Nxe6 Nxe6 19. Bf5 Nc7 20. Ba5 Nfe8 21. Ng5 g6
22. Bh3 b6 23. Bc3 f6 24. Ne6 Nxe6 25. Bxe6+ Kg7 26. g4 h6
27. Kg2 a5 28. d5 c5 29. h4 g5 30. hxg5 hxg5 31. Bf5 Nc7
32. Bc2 Rf8 33. Rf5 Rae8 34. Rxg5+ Kf7 35. Bg6+ Kg8 36. Bxf6
1-0

[Event "Taiyuan Tournament"]
[Site "Taiyuan CHN"]
[Date "2007.07.08"]
[EventDate "2007.07.04"]
[Round "4"]
[Result "1/2-1/2"]
[White "Karen Asrian"]
[Black "Wang Hao"]
[WhiteElo "2608"]
[BlackElo "2624"]
[PlyCount "81"]

1. e4 c5 2. Ne2 Nf6 3. Nbc3 d6 4. d4 cxd4 5. Nxd4 a6 6. Be3 e5
7. Nf3 Be7 8. Bc4 O-O 9. O-O Be6 10. Bb3 Nc6 11. Bg5 Nd7
12. Bxe7 Qxe7 13. Nd5 Qd8 14. c3 Na5 15. Re1 Rc8 16. h3 b5
17. Re2 Nc5 18. Nd2 Kh8 19. Bc2 Nd7 20. a4 Bxd5 21. exd5 f5
22. axb5 axb5 23. b4 Nc4 24. Nxc4 Rxc4 25. Bd3 Rxc3 26. Bxb5
Nf6 27. Bc6 Qb6 28. b5 Ne4 29. Qa4 Qc5 30. Kh2 h6 31. Rb2 Rc1
32. b6 Qc3 33. Qa3 Rxa1 34. Qxa1 Nxf2 35. b7 f4 36. b8=Q Qg3+
37. Kg1 Nxh3+ 38. Kh1 Nf2+ 39. Kg1 Nh3+ 40. Kh1 Nf2+ 41. Kg1
1/2-1/2

[Event "Taiyuan Tournament"]
[Site "Taiyuan CHN"]
[Date "2007.07.09"]
[EventDate "2007.07.04"]
[Round "5"]
[Result "1/2-1/2"]
[White "Wang Hao"]
[Black "Karen Asrian"]
[WhiteElo "2624"]
[BlackElo "2608"]
[PlyCount "81"]

1. e4 c6 2. d4 d5 3. e5 Bf5 4. Nf3 e6 5. Be2 Bg6 6. O-O Ne7
7. Nbd2 Nf5 8. Nb3 Nd7 9. Bd2 a6 10. Rc1 Be7 11. g4 Nh6 12. h3
O-O 13. Be3 Kh8 14. c3 Rc8 15. Ne1 Ng8 16. Nd3 f6 17. f4 fxe5
18. fxe5 Rxf1+ 19. Bxf1 Bxd3 20. Bxd3 c5 21. Bb1 Bg5 22. Qd3
Bxe3+ 23. Kg2 Qh4 24. Qxe3 c4 25. Nd2 Qh6 26. Qxh6 Nxh6
27. Nf3 Nf7 28. h4 g6 29. Kg3 Kg7 30. Bc2 h6 31. g5 hxg5
32. hxg5 Rh8 33. b3 Rc8 34. bxc4 Rxc4 35. Bb3 Rc6 36. c4 dxc4
37. Rxc4 Rxc4 38. Bxc4 Nd8 39. Bd3 b5 40. Be4 a5 41. Kf4
1/2-1/2

[Event "Taiyuan Tournament"]
[Site "Taiyuan CHN"]
[Date "2007.07.12"]
[EventDate "2007.07.04"]
[Round "7"]
[Result "1/2-1/2"]
[White "Ivan Cheparinov"]
[Black "Wang Hao"]
[WhiteElo "2657"]
[BlackElo "2624"]
[PlyCount "91"]

1. e4 e5 2. Nf3 Nc6 3. Bb5 a6 4. Ba4 Nf6 5. O-O Be7 6. Re1 b5
7. Bb3 d6 8. c3 O-O 9. h3 Bb7 10. d4 Re8 11. Nbd2 Bf8 12. a4
Na5 13. Bc2 b4 14. d5 bxc3 15. bxc3 c6 16. c4 Qc7 17. Bd3 Reb8
18. Nf1 Bc8 19. Ra3 Nd7 20. Ne3 Nc5 21. Bc2 Bd7 22. Bd2 Qd8
23. Bc3 Rb7 24. Nd2 g6 25. h4 h5 26. Nf3 Bg7 27. Ng5 Rab8
28. Rf1 f6 29. Nf3 cxd5 30. cxd5 Nab3 31. a5 Qc7 32. Re1 Kh7
33. Nd2 Nxd2 34. Bxd2 Bh6 35. Nc4 Bxd2 36. Qxd2 Rb4 37. Nb6
Rd4 38. Qe3 Bb5 39. Rd1 Rxd1+ 40. Bxd1 Rf8 41. Rc3 Qe7 42. Bc2
Kg7 43. Qc1 Kh7 44. g3 Qg7 45. Qe3 Qh6 46. Qxh6+ 1/2-1/2

[Event "Taiyuan Tournament"]
[Site "Taiyuan CHN"]
[Date "2007.07.14"]
[EventDate "2007.07.04"]
[Round "8"]
[Result "1/2-1/2"]
[White "Wang Hao"]
[Black "Vadim Zvjaginsev"]
[WhiteElo "2624"]
[BlackElo "2658"]
[PlyCount "61"]

1. e4 e5 2. Nf3 Nc6 3. Bb5 f5 4. d3 fxe4 5. dxe4 Nf6 6. O-O d6
7. Nc3 Be7 8. Bc4 Na5 9. Qd3 c6 10. a4 Nxc4 11. Qxc4 Qd7
12. h3 Qe6 13. Qxe6 Bxe6 14. Ng5 Bc4 15. Rd1 h6 16. b3 Bg8
17. Nf3 Bh7 18. Re1 O-O-O 19. Ba3 Rhe8 20. Rad1 b6 21. Re2 a6
22. Ne1 d5 23. Bxe7 Rxe7 24. f3 Kc7 25. Nd3 dxe4 26. Nxe4 Nxe4
27. fxe4 Rd4 28. Rde1 a5 29. Re3 b5 30. c3 Rd8 31. Ra1 1/2-1/2

[Event "Russia - China Match"]
[Site "Moscow RUS"]
[Date "2007.08.20"]
[EventDate "2007.08.20"]
[Round "1"]
[Result "1/2-1/2"]
[White "Wang Hao"]
[Black "Ernesto Inarkiev"]
[WhiteElo "2624"]
[BlackElo "2663"]
[PlyCount "120"]

1. e4 e5 2. Nf3 Nc6 3. Bb5 a6 4. Ba4 Nf6 5. O-O Be7 6. Re1 b5
7. Bb3 d6 8. c3 O-O 9. h3 Na5 10. Bc2 c5 11. d4 Qc7 12. Nbd2
cxd4 13. cxd4 Nc6 14. a3 Bd7 15. b4 Rfc8 16. Bb3 a5 17. Bb2
axb4 18. axb4 Rxa1 19. Bxa1 Be8 20. Nf1 Nxb4 21. dxe5 dxe5
22. Bxe5 Qd8 23. Bd4 Nc6 24. e5 Bb4 25. Re2 Nd5 26. e6 Nc3
27. Bxc3 Qxd1 28. Bxd1 Bxc3 29. Bb3 Kf8 30. Ne3 fxe6 31. Bxe6
Rb8 32. Nd5 Bf6 33. Nxf6 gxf6 34. Bd5 Ne7 35. Bb3 Bf7 36. Nd4
Bxb3 37. Nxb3 Kf7 38. Re4 b4 39. Rh4 Kg7 40. Rg4+ Ng6 41. Kf1
Kf7 42. Ke2 Rb6 43. Rd4 Ke7 44. g3 Rb5 45. f4 h5 46. Kd3 f5
47. h4 Nh8 48. Kc4 Rb8 49. Rd5 Nf7 50. Nd4 Nd6+ 51. Kb3 Rg8
52. Kxb4 Ne4 53. Re5+ Kd7 54. Nxf5 Nxg3 55. Ne3 Rf8 56. f5 Re8
57. Rd5+ Ke7 58. Kc4 Kf6 59. Kd3 Re5 60. Rxe5 Kxe5 1/2-1/2

[Event "Russia - China Match"]
[Site "Moscow RUS"]
[Date "2007.08.21"]
[EventDate "2007.08.20"]
[Round "2"]
[Result "1-0"]
[White "Wang Hao"]
[Black "Artyom Timofeev"]
[WhiteElo "2624"]
[BlackElo "2650"]
[PlyCount "61"]

1. e4 c5 2. Nf3 Nc6 3. Bb5 d6 4. O-O Bd7 5. Re1 Nf6 6. c3 a6
7. Bf1 Bg4 8. d4 cxd4 9. cxd4 d5 10. e5 Ng8 11. e6 Bxe6
12. Rxe6 fxe6 13. Qb3 Na5 14. Qe3 Rc8 15. Nc3 Qd6 16. g3 g6
17. Bh3 Bh6 18. Qe2 Rc6 19. Bg5 Kf8 20. Re1 Kg7 21. Bxh6+ Nxh6
22. Bxe6 Re8 23. Nxd5 Ng4 24. Qd2 Nf6 25. Qxa5 b6 26. Nxf6
exf6 27. Qd2 Re7 28. Kg2 b5 29. h4 h5 30. Bb3 Rcc7 31. d5 1-0

[Event "Russia - China Match"]
[Site "Moscow RUS"]
[Date "2007.08.22"]
[EventDate "2007.08.20"]
[Round "3"]
[Result "1/2-1/2"]
[White "Evgeny Tomashevsky"]
[Black "Wang Hao"]
[WhiteElo "2654"]
[BlackElo "2624"]
[PlyCount "49"]

1. Nf3 d5 2. c4 d4 3. g3 Nc6 4. Bg2 e5 5. d3 Nf6 6. O-O a5
7. e3 dxe3 8. Bxe3 Be7 9. Nc3 O-O 10. h3 Bf5 11. d4 exd4
12. Nxd4 Nxd4 13. Qxd4 Qxd4 14. Bxd4 c6 15. Rfe1 Be6 16. b3
Rfd8 17. Bb6 Re8 18. Na4 Nd7 19. Bd4 Rac8 20. Re2 h5 21. Rd1
Bb4 22. Re3 Bf5 23. c5 Bc2 24. Rc1 Bg6 25. Rd1 1/2-1/2

[Event "Russia - China Match"]
[Site "Nizhniy Novgorod RUS"]
[Date "2007.08.24"]
[EventDate "2007.08.20"]
[Round "5"]
[Result "1/2-1/2"]
[White "Wang Hao"]
[Black "Dmitry Jakovenko"]
[WhiteElo "2624"]
[BlackElo "2735"]
[PlyCount "51"]

1. e4 e5 2. Nf3 Nc6 3. Bb5 a6 4. Ba4 Nf6 5. O-O Be7 6. Re1 b5
7. Bb3 O-O 8. c3 d5 9. exd5 Nxd5 10. Nxe5 Nxe5 11. Rxe5 c6
12. d3 Bd6 13. Re1 Bf5 14. Qf3 Qh4 15. g3 Qh3 16. Bxd5 cxd5
17. Be3 Bxd3 18. Qxd5 Rad8 19. Qg2 Qh5 20. Nd2 Bf5 21. Bd4 Be6
22. Qf3 Qg6 23. Qe4 Qh5 24. Qf3 Qg6 25. Qe4 Qh5 26. Qf3
1/2-1/2

[Event "Russia - China Match"]
[Site "Nizhniy Novgorod RUS"]
[Date "2007.08.26"]
[EventDate "2007.08.20"]
[Round "6"]
[Result "1-0"]
[White "Ernesto Inarkiev"]
[Black "Wang Hao"]
[WhiteElo "2663"]
[BlackElo "2624"]
[PlyCount "117"]

1. e4 e5 2. Nf3 Nc6 3. Bb5 a6 4. Ba4 Nf6 5. O-O Be7 6. Re1 b5
7. Bb3 d6 8. c3 O-O 9. h3 Bb7 10. d4 Re8 11. Nbd2 Bf8 12. a3
h6 13. Bc2 Nb8 14. b4 Nbd7 15. Bb2 g6 16. c4 exd4 17. cxb5
axb5 18. Nxd4 c6 19. Rc1 Bg7 20. N2b3 Rc8 21. a4 Qb6 22. a5
Qa6 23. Bd3 Ne5 24. Ba1 Nxd3 25. Qxd3 Qa8 26. f3 Qb8 27. Ne2
Rcd8 28. Bd4 Nd7 29. Bxg7 Kxg7 30. Qd4+ Kh7 31. Rcd1 Ne5
32. Qf2 Nc4 33. Nc3 Re7 34. Rd3 Qc8 35. Red1 Qe6 36. f4 Rde8
37. Rf3 f5 38. exf5 gxf5 39. Rg3 Qf6 40. Rdd3 Bc8 41. Kh2 Bb7
42. Nd4 Qf7 43. Nf3 Qf6 44. Nh4 Qf7 45. Rg6 Re6 46. Rdg3 Rxg6
47. Rxg6 Bc8 48. Ne2 Rg8 49. Rxg8 Kxg8 50. Nd4 Qd5 51. a6 c5
52. Nxb5 cxb4 53. a7 Bb7 54. Nd4 Kh7 55. Ndxf5 Nd2 56. Qe1
Qxg2+ 57. Nxg2 Nf3+ 58. Kg3 Nxe1 59. Nxe1 1-0

[Event "Russia - China Match"]
[Site "Nizhniy Novgorod RUS"]
[Date "2007.08.27"]
[EventDate "2007.08.20"]
[Round "7"]
[Result "1/2-1/2"]
[White "Artyom Timofeev"]
[Black "Wang Hao"]
[WhiteElo "2650"]
[BlackElo "2624"]
[PlyCount "49"]

1. e4 e5 2. Nf3 Nf6 3. Nxe5 d6 4. Nf3 Nxe4 5. d4 d5 6. Bd3 Bd6
7. O-O O-O 8. c4 c6 9. Qc2 Na6 10. a3 Bg4 11. Ne5 Bxe5
12. dxe5 Nac5 13. f3 Nxd3 14. Qxd3 Nc5 15. Qd4 Nb3 16. Qxg4
Nxa1 17. Bh6 g6 18. Bxf8 Qxf8 19. cxd5 Qc5+ 20. Kh1 Nc2
21. Qd7 Ne3 22. e6 Nxf1 23. Qxf7+ Kh8 24. Qf6+ Kg8 25. Qf7+
1/2-1/2

[Event "Russia - China Match"]
[Site "Nizhniy Novgorod RUS"]
[Date "2007.08.29"]
[EventDate "2007.08.20"]
[Round "9"]
[Result "1/2-1/2"]
[White "Wang Hao"]
[Black "Evgeny Alekseev"]
[WhiteElo "2624"]
[BlackElo "2689"]
[PlyCount "41"]

1. e4 c5 2. Nf3 d6 3. d4 cxd4 4. Nxd4 Nf6 5. Nc3 a6 6. Be2 e5
7. Nb3 Be7 8. O-O O-O 9. Kh1 Nc6 10. f3 Be6 11. Nd5 a5 12. Be3
a4 13. Nc1 Bxd5 14. exd5 Nd4 15. Bxd4 exd4 16. Qxd4 Nd7
17. Rb1 Bf6 18. Qb4 Qb6 19. Bb5 Ne5 20. b3 Rfc8 21. c4 1/2-1/2